1728 1938 1066 1046 1990 1382 1861 1306 1135 1063 1822 1897 1425 1260 1528 1414 1723 1716 1926 1245 1472 1164 1736 1818 1398 1740 1663 1117 1967 1574 1610 1750 1341 1121 1227 1181 1994 1032 1816 1599 1732 1434 1976 1483 1929 1437 1045 1872 1651 1653 1358 1579 1178 1079 1461 1207 1018 1589 1192 1937 1128 1660 1560 1560 1523 1089 1045 1232 1279 1217 1991 1935 1065 1003 1594 1379 1313 1897 1570 1084 1669 1975 1842 1939 1519 1862 1580 1518 1319 1904 1461 1636 1322 1647 1989 1987 1905 1372 1168 BCNSPRNW ULIB Ver.6.0+V

เปลี่ยนเป็นภาษาไทย

Change to English
 แสดงรายละเอียดบรรณานุกรม
  กลับหน้าหลัก

Brief Record : Get Marc (ISO 2709) : E-mail record : QR code < ปิดหน้าต่าง
LEADER : 00000nam 2200000uu 4500
001    13399126398
003     ULIB
008    020711s2017 th a 000 0 eng d
020    ^a9781496350299
060    ^aWB205^bB583B
100    ^aLynn S. Bickley
245    ^aBates Guide to Physical Examination and History Taking
250    ^a12nd ed
260    ^aPhiladelphia :^bWolters Kluwer,^c2017
300    ^a1034 pages;^b30 cm
650    ^aPhysical Examination-methods
650    ^aMedical History Taking-methods
945    ^p2890^l0^i004623
945    ^p2890^l0^i005390
999    ^aประนอม เกษจรัล
รายการนี้ยังไม่มีแท็ก
คุณยังไม่ได้ล็อกอิน คุณสามารถมีกิจกรรมร่วมกับเว็บไซต์ได้ แต่ต้องล็อกอินก่อน ::
  ล็อกอิน

รายการสื่อสารสนเทศ

ลำดับที่ ประเภท เลขเรียก/บาร์โค้ด สถานที่ สถานะ
1. วิทยาศาสตร์การแพทย์ และสุขภาพ
หนังสือสำรอง
สถานะ=หนังสือสำรอง
WB205 B583B ฉ.1 
  Barcode: 004623
ห้องสมุดวิทยาเขตสวรรค์ประชารักษ์
►หนังสือทั่วไป
บนชั้น
2. Book การพยาบาล
Book การพยาบาล
WB205 B583B ฉ.2 
  Barcode: 005390
ห้องสมุดวิทยาเขตสวรรค์ประชารักษ์
►หนังสือทั่วไป
บนชั้น

รายการใกล้เคียง
    ผู้แต่ง [Lynn S. Bickley]

    หัวเรื่อง [Physical Examination-methods]
    หัวเรื่อง [Medical History Taking-methods]

BibComment


ยังไม่เคยถูกคอมเมนท์

คอมเมนท์ทรัพยากรรายการนี้
  คอมเมนท์: Bates Guide to P..


 Copyright 2026. Bcnsprnw @Library